000 00693nam a2200193 a 4500
001 000028446
005 20200930054940.0
008 110408s1986 dr 000 0 spa d
040 _aDO-SdBNP
_bspa
_cBNPHU
082 _axxx
_bQ79c
100 1 _aQuiñónez Hernández, Guillermo
_955393
245 1 0 _aLo contencioso-administrativo en la República Dominicana :
_bantecedentes históricos /
_cGuillermo Quiñónez Hernández.
260 _aSanto Domingo :
_bOficina Nacional de Administración y Personal (ONAP),
_c1986.
300 _a39 p. ;
_c22 cm.
490 1 _aEstudio sociales
_vno. 42
504 _aBibliografía : p. 39
830 0 _aEstudio sociales ;
_vno. 42
_955394
049 _aBNPD
999 _c27938
_d27938